| 000 | 01438cab a2200289 4500 | ||
|---|---|---|---|
| 001 | ABS46939 | ||
| 008 | 090401t1992 xxu||||| |||| 00| 0 eng d | ||
| 035 | _a(Sirsi) u60178 | ||
| 041 | _aeng | ||
| 245 | _aJones and another v Miah and another | ||
| 260 | _c1992 | ||
| 350 | _a0 | ||
| 490 |
_aEstates Gazette _v(1992) 33 EG 59-65(7) |
||
| 520 | _aCA 7 April 1992. This was an appeal, allowed in part, against damages awarded for unlawful eviction under Housing Act 1988 ss27 and 28. The appellants claimed that since the vendor of the lease gave them the key in order for them to evict the tenants before completion, they were not at the time of eviction landlords and ss27 and 28 did not apply. They also claimed that the retrospective effect of these sections of the Act was contrary to European Convention for the Protection of Human Rights and Fundamental Freedoms, that it was not for the court to find them joint tortfeasors and that the damages had be calculated wrongly. | ||
| 650 | _aDAMAGES | ||
| 650 | _aCONVENTION FOR THE PROTECTION OF HUMAN RIGHTS AND FUNDAMENTAL FREEDOMS | ||
| 650 | _aHOUSING ACT 1988 S27 | ||
| 650 | _aHOUSING ACT 1988 S28 | ||
| 650 | _aJOINT TORTFEASORS | ||
| 650 | _aLANDLORDS | ||
| 650 | _aRETROSPECTIVE PENALTY | ||
| 650 | _aUNLAWFUL EVICTION | ||
| 650 | _aVACANT POSSESSION | ||
| 690 | _aLANDLORD AND TENANT-CASE LAW-RESIDENTIAL TENANCIES | ||
| 942 | _n0 | ||
| 948 | _c04/03/1997 | ||
| 999 |
_c37076 _d37076 |
||